Martin and David Wilson Homes Ltd (Record no. 74568)
[ view plain ]
| 000 -LEADER | |
|---|---|
| fixed length control field | 01331cab a2200205 4500 |
| 001 - CONTROL NUMBER | |
| control field | ABS68379 |
| 008 - FIXED-LENGTH DATA ELEMENTS--GENERAL INFORMATION | |
| fixed length control field | 041013n2004 000 0 eng u |
| 035 ## - SYSTEM CONTROL NUMBER | |
| System control number | (Sirsi) u127685 |
| 245 ## - TITLE STATEMENT | |
| Title | Martin and David Wilson Homes Ltd |
| 260 ## - PUBLICATION, DISTRIBUTION, ETC. | |
| Date of publication, distribution, etc. | 2004 |
| 490 ## - SERIES STATEMENT | |
| Series statement | Estates Gazette |
| Volume/sequential designation | [2004] 39 EG 134-138(5) |
| 520 ## - SUMMARY, ETC. | |
| Summary, etc. | [2004] EWCA Civ 1027, 28 June 2004. Appellant DWH appealed against HC's decision over its interpretation of a restrictive covenant which restricted use of buildings on two plots of land for any purpose other than a private dwelling house. The appeal was concerned with the judge's interpretation of the indefinite article 'a' in the restrictive covenant agreement. The judge interpreted the covenant as meaning that the phase 'a private dwelling house' meant that no more than one building on each plot could be used as a dwelling house.CA held that the indefinite article 'a' restricted the manner of use and not the number of buildings. Appeal allowed. HC decision overturned. View judgment at www.bailii.org. |
| 590 ## - LOCAL NOTE (RLIN) | |
| Local note | ABS |
| 650 ## - SUBJECT ADDED ENTRY--TOPICAL TERM | |
| Topical term or geographic name entry element | MARTIN V DAVID WILSON HOMES LTD |
| 650 ## - SUBJECT ADDED ENTRY--TOPICAL TERM | |
| Topical term or geographic name entry element | RESTRICTIVE COVENANTS |
| 650 ## - SUBJECT ADDED ENTRY--TOPICAL TERM | |
| Topical term or geographic name entry element | DWELLING HOUSE |
| 690 ## - LOCAL SUBJECT ADDED ENTRY--TOPICAL TERM (OCLC, RLIN) | |
| Topical term or geographic name as entry element | PROPERTY AND LAND LAW-CASE LAW |
| 856 ## - ELECTRONIC LOCATION AND ACCESS | |
| Uniform Resource Identifier | <a href="https://www.bailii.org/ew/cases/EWCA/Civ/2004/1027.html">https://www.bailii.org/ew/cases/EWCA/Civ/2004/1027.html</a> |
| Public note | View judgment at the BAILIi websiteƯ |
| 942 ## - ADDED ENTRY ELEMENTS (KOHA) | |
| Suppress in OPAC | 0 |
| Withdrawn status | Lost status | Source of classification or shelving scheme | Damaged status | Not for loan | Home library | Current library | Shelving location | Date acquired | Total Checkouts | Full call number | Barcode | Date last seen | Copy number | Price effective from | Koha item type |
|---|---|---|---|---|---|---|---|---|---|---|---|---|---|---|---|
| Dewey Decimal Classification | London | London | Journal article | 13/10/2004 | ABS68379 | 127685-1001 | 06/08/2019 | 1 | 06/08/2019 | Law report |